000
00328 a2200169 4500
001
173427
020
_a
040
_c
Magnum
100
_a
Brandao, Maria do Carmo
240
1
0
_a
Ding-ling
_l
por
245
1
0
_a
Ding-ling
300
_a
24
362
0
_a
1985
440
1
_a
LĂȘ
697
_a
LITERATURA INFANTO
942
_c
BK
999
_c
173427
_d
173427